00519nam a2200193 a 4500001001300000003000900013005001700022008004100039020001100080082001700091100002900108245002800137260004100165300000900206500003500215505002700250650001900277700002900296nice12345678IN_TiNIC20260116011752.0050524s1978 dela grp 000 0 urd  ac16.500a922.97bSHA2 aShah, S Iftekhar Hussain aIqbal Aur Pairvi Shibly aDelhibIteqad Publishing Housec1978 a208p aincludes index and biblioraphy2 a4 parts bound together aIqbal Muhammad1 aShah, S Iftekhar Hussain